| 000 | 00587nam a2200169 a 4500 | ||
|---|---|---|---|
| 008 | 090225s2004 ||||||||||||||||| || u | ||
| 020 | _a0715634976 | ||
| 050 | _aB 108 Cur | ||
| 100 | _aCurnow, Trevor | ||
| 245 | 1 | 4 |
_aThe Philosophers of the ancient world: an A-Z guide _cTrevor Curnow |
| 260 |
_aLondon: _bDuckworth _c2004 |
||
| 300 | _axviii, 296p.: ill. | ||
| 350 | _a0.00 | ||
| 650 | _aPHILOSOPHY | ||
| 650 | _aPHILOSOPHERS, ANCIENT | ||
| 995 |
_D0.00 _FCBU-MAIN LIBRARY (Kitwe) _H1 _I0.00 _M1 _UDAMAGED _WFeb 25, 2009 _ZReference Collection |
||
| 999 |
_c53484 _d53484 |
||